[Event "BL2 West 1819 (Women)"]
[Site "Germany"]
[Date "2018.11.17"]
[Round "3.2"]
[White "Engels, Natia"]
[Black "Glinzner, Alva"]
[Result "1-0"]
[WhiteElo "2146"]
[BlackElo "1899"]
[PlyCount "95"]
[EventDate "2018.10.27"]
[EventType "team-tourn"]
[EventRounds "7"]
[EventCountry "GER"]
[SourceTitle "CBM 190 Extra"]
[Source "ChessBase"]
[SourceDate "2019.07.15"]
[SourceVersion "1"]
[SourceVersionDate "2019.07.15"]
[SourceQuality "1"]
[WhiteTeam "Steinfurt (W)"]
[BlackTeam "Luebeck (W)"]
[WhiteTeamCountry "GER"]
[BlackTeamCountry "GER"]

1. d4 Nf6 2. c4 e6 3. Nc3 Bb4 4. Qc2 d5 5. e3 0-0 6. Nf3 Nbd7 7. Bd3 c6 8. 0-0 Re8 9. Ne5 Qc7 10. f4 b6 11. cxd5 exd5 12. Nb5 Qb7 13. Nxc6 Bf8 14. Ne5 Re7 15. Bd2 h6 16. Rac1 Nxe5 17. fxe5 Ne8 18. Bb4 Be6 19. Bxe7 Bxe7 20. Bh7+ Kh8 21. Bf5 a6 22. Nc3 Qd7 23. Bxe6 Qxe6 24. Qf5 Bg5 25. Rce1 Kg8 26. g3 g6 27. Qf3 Rd8 28. h4 Be7 29. Ne2 Ng7 30. Nf4 Qd7 31. e6 fxe6 32. Nxg6 Bd6 33. g4 Qa4 34. Qf7+ Kh7 35. Nf4 Qc2 36. Rf2 Qe4 37. h5 Rc8 38. Qg6+ Qxg6 39. hxg6+ Kg8 40. Ref1 Re8 41. Rc2 Be7 42. Rc6 Bd8 43. Kg2 a5 44. Rh1 Kf8 45. Rxh6 Ke7 46. Rh7 Kf6 47. g5+ Kxg5 48. Rxg7 1-0

[Event "NRW Class2 1718"]
[Site "Germany"]
[Date "2017.11.19"]
[Round "3.4"]
[White "Stricker, Florian"]
[Black "Engels, Natia"]
[Result "1/2-1/2"]
[WhiteElo "2018"]
[BlackElo "2005"]
[PlyCount "162"]
[EventDate "2017.09.17"]
[EventType "team-tourn"]
[EventRounds "9"]
[EventCountry "GER"]
[SourceTitle "EXT 2019"]
[Source "ChessBase"]
[SourceDate "2018.10.10"]
[SourceVersion "1"]
[SourceVersionDate "2018.10.10"]
[SourceQuality "1"]
[WhiteTeam "Bochum SG II"]
[BlackTeam "Suedlohn"]
[WhiteTeamCountry "GER"]
[BlackTeamCountry "GER"]

1. d4 c5 2. d5 Nf6 3. c4 d6 4. Nc3 g6 5. Nf3 Bg7 6. e4 0-0 7. Be2 Na6 8. Bd2 Nc7 9. Qc2 a6 10. a4 Rb8 11. a5 e5 12. b4 cxb4 13. Na4 b3 14. Qd3 Nxe4 15. Qxe4 f5 16. Qe3 e4 17. Nd4 f4 18. Qc3 Qf6 19. Nxb3 e3 20. Qxf6 exd2+ 21. Kxd2 Bxf6 22. Rae1 Bh4 23. Rhf1 Bg5 24. Bf3 Bf6 25. Kd3 b5 26. axb6 Na8 27. Nd4 Nxb6 28. Nxb6 Rxb6 29. Rb1 Rxb1 30. Rxb1 Kf7 31. Rb6 Rd8 32. Nc6 Re8 33. Be4 a5 34. Rb5 Ba6 35. Rxa5 Bxc4+ 36. Kxc4 Rxe4+ 37. Kd3 Re1 38. Ra7+ Ke8 39. Rxh7 Rf1 40. Ke2 Rc1 41. Ra7 Rc5 42. Ra5 Rc2+ 43. Kf3 Bh4 44. g3 fxg3 45. hxg3 Bf6 46. Ra3 Rd2 47. Re3+ Kf7 48. Nb4 Rd4 49. Re4 Rd2 50. Ke3 Rd1 51. Nd3 Ra1 52. Re6 Be7 53. Nf4 g5 54. Nd3 Ra3 55. Kd4 Ra4+ 56. Ke3 Ra3 57. Ke2 Ra2+ 58. Kf3 Ra4 59. Re4 Ra3 60. Ke2 Bf6 61. Re6 Be7 62. Nb4 Rc3 63. Re3 Rc5 64. Rd3 Bf6 65. Nc6 g4 66. Ke3 Kg6 67. Rd1 Rc3+ 68. Rd3 Rc5 69. Nb4 Kf5 70. Rd1 Bg5+ 71. f4 gxf3+ 72. Kxf3 Rc4 73. Nc6 Rc3+ 74. Kf2 Be3+ 75. Ke2 Ke4 76. Nb4 Bc5 77. Nd3 Rc2+ 78. Rd2 Rxd2+ 79. Kxd2 Kxd5 80. Nxc5 dxc5 81. Kc3 Ke4 1/2-1/2

[Event "Muensterland Verbandsliga 1314"]
[Site "Germany"]
[Date "2013.11.16"]
[Round "3.2"]
[White "Fischer, Andreas"]
[Black "Engels, Natia"]
[Result "1/2-1/2"]
[WhiteElo "1936"]
[BlackElo "2016"]
[PlyCount "62"]
[EventDate "2013.09.07"]
[EventType "team-tourn"]
[EventRounds "9"]
[EventCountry "GER"]
[SourceTitle "EXT 2015"]
[Source "ChessBase"]
[SourceDate "2014.11.20"]
[SourceVersion "1"]
[SourceVersionDate "2014.11.20"]
[SourceQuality "1"]
[WhiteTeam "Saerbeck"]
[BlackTeam "Steinfurt"]
[WhiteTeamCountry "GER"]
[BlackTeamCountry "GER"]

1. e4 c5 2. Nf3 Nc6 3. Bb5 g6 4. 0-0 Bg7 5. Bxc6 bxc6 6. e5 Nh6 7. d3 0-0 8. Nc3 Nf5 9. Ne4 d6 10. exd6 exd6 11. Bg5 f6 12. Bd2 g5 13. Ng3 Nxg3 14. fxg3 d5 15. Be3 Qd6 16. Rb1 Bg4 17. Qd2 d4 18. Bf2 Qd5 19. b3 Rfe8 20. Rbe1 h6 21. Qa5 Rxe1 22. Rxe1 Bxf3 23. gxf3 Bf8 24. Qc7 Qxf3 25. Qb7 Rd8 26. Qc7 Qd5 27. Qxa7 h5 28. Qc7 Rd7 29. Qc8 Rd8 30. Qc7 Rd7 31. Qc8 Rd8 1/2-1/2

[Event "BL2 West 1213 (Women)"]
[Site "Germany"]
[Date "2013.03.10"]
[Round "7.1"]
[White "Kopylov, Luba"]
[Black "Engels, Natia"]
[Result "1-0"]
[WhiteElo "2177"]
[BlackElo "2158"]
[PlyCount "63"]
[EventDate "2012.10.06"]
[EventType "team-tourn"]
[EventRounds "7"]
[EventCountry "GER"]
[SourceTitle "EXT 2018"]
[Source "ChessBase"]
[SourceDate "2017.10.13"]
[SourceVersion "1"]
[SourceVersionDate "2017.10.13"]
[SourceQuality "1"]
[WhiteTeam "Kiel Doppelbauer (W)"]
[BlackTeam "Steinfurt (W)"]
[WhiteTeamCountry "GER"]
[BlackTeamCountry "GER"]

1. e4 c5 2. Nf3 Nc6 3. d4 cxd4 4. Nxd4 Nf6 5. Nc3 d6 6. f3 g6 7. Be3 Bg7 8. Qd2 0-0 9. g4 Nxd4 10. Bxd4 e5 11. Be3 Be6 12. 0-0-0 Qa5 13. Kb1 Rfd8 14. Bg5 Qc5 15. h4 Rab8 16. h5 b5 17. Qh2 b4 18. Na4 Qc6 19. b3 Kf8 20. hxg6 hxg6 21. Bh6 Bxh6 22. Qxh6+ Ke7 23. Qg5 Rh8 24. Bd3 Qa8 25. f4 exf4 26. Rhf1 Bxg4 27. Rde1 f3 28. e5 dxe5 29. Qxe5+ Be6 30. Qc5+ Ke8 31. Qd6 Nd5 32. Rxe6+ 1-0

[Event "BL2 West 1213 (Women)"]
[Site "Germany"]
[Date "2012.12.02"]
[Round "4.1"]
[White "Engels, Natia"]
[Black "Zschischang, Marine"]
[Result "1/2-1/2"]
[WhiteElo "2158"]
[BlackElo "2075"]
[PlyCount "29"]
[EventDate "2012.10.06"]
[EventType "team-tourn"]
[EventRounds "7"]
[EventCountry "GER"]
[SourceTitle "EXT 2018"]
[Source "ChessBase"]
[SourceDate "2017.10.13"]
[SourceVersion "1"]
[SourceVersionDate "2017.10.13"]
[SourceQuality "1"]
[WhiteTeam "Steinfurt (W)"]
[BlackTeam "Lehrte (W)"]
[WhiteTeamCountry "GER"]
[BlackTeamCountry "GER"]

1. d4 f5 2. c4 Nf6 3. Nc3 g6 4. Nf3 d6 5. g3 c6 6. Bg2 e6 7. 0-0 Bg7 8. Qc2 0-0 9. e4 Nbd7 10. Ng5 Re8 11. d5 cxd5 12. cxd5 Nc5 13. exf5 exf5 14. h4 h6 15. Nh3 1/2-1/2

[Event "Muensterland Verbandsklasse-B 1112"]
[Site "Germany"]
[Date "2012.01.14"]
[Round "5.1"]
[White "Engels, Natia"]
[Black "Rosing, Hermann"]
[Result "1-0"]
[WhiteElo "2068"]
[BlackElo "2005"]
[PlyCount "65"]
[EventDate "2011.09.17"]
[EventType "team-tourn"]
[EventRounds "9"]
[EventCountry "GER"]
[SourceTitle "EXT 2013"]
[Source "ChessBase"]
[SourceDate "2012.11.22"]
[SourceVersion "1"]
[SourceVersionDate "2012.11.22"]
[SourceQuality "1"]
[WhiteTeam "Steinfurt"]
[BlackTeam "Ahaus Wessum"]
[WhiteTeamCountry "GER"]
[BlackTeamCountry "GER"]

1. c4 e5 2. Nc3 Nc6 3. g3 f5 4. Bg2 g6 5. d3 Nf6 6. Nf3 d6 7. Bd2 Bg7 8. 0-0 0-0 9. Qc1 Kh8 10. Bg5 Ne7 11. Nd5 c6 12. Nxf6 Bxf6 13. Bxf6+ Rxf6 14. c5 Nd5 15. e4 fxe4 16. dxe4 Bg4 17. Nxe5 dxe5 18. exd5 cxd5 19. Qg5 Bf5 20. Bxd5 Qxd5 21. Qxf6+ Kg8 22. Qd6 Qf3 23. Qd1 Qc6 24. g4 Be4 25. Qd6 Qe8 26. Rfe1 Rd8 27. Qf6 Bd5 28. Qxe5 Qd7 29. h3 Qc6 30. Rad1 Qxc5 31. Qg5 Rd7 32. Re5 Rf7 33. Qd2 1-0

[Event "BL2 West 1112 (Women)"]
[Site "Germany"]
[Date "2011.11.27"]
[Round "4.1"]
[White "Kopylov, Luba"]
[Black "Engels, Natia"]
[Result "1-0"]
[WhiteElo "2166"]
[BlackElo "2183"]
[PlyCount "121"]
[EventDate "2011.10.29"]
[EventType "team-tourn"]
[EventRounds "7"]
[EventCountry "GER"]
[SourceTitle "EXT 2013"]
[Source "ChessBase"]
[SourceDate "2012.11.22"]
[SourceVersion "1"]
[SourceVersionDate "2012.11.22"]
[SourceQuality "1"]
[WhiteTeam "Kiel Doppelbauer (W)"]
[BlackTeam "Steinfurt (W)"]
[WhiteTeamCountry "GER"]
[BlackTeamCountry "GER"]

1. d4 Nf6 2. c4 e6 3. g3 Bb4+ 4. Nd2 c5 5. Ngf3 cxd4 6. Nxd4 Qb6 7. e3 Nc6 8. N4f3 0-0 9. Bg2 d5 10. 0-0 dxc4 11. Nxc4 Qc5 12. b3 Rd8 13. Qe2 b5 14. Nb2 Bc3 15. Rb1 Bb7 16. Nd3 Qf5 17. Rd1 e5 18. Nh4 Qg4 19. Qxg4 Nxg4 20. Bb2 Bxb2 21. Nxb2 Na5 22. Bh3 h5 23. Bf1 a6 24. b4 Nc6 25. Bg2 Rxd1+ 26. Rxd1 Rd8 27. Nf5 Rxd1+ 28. Nxd1 Nd8 29. Bxb7 Nxb7 30. Ne7+ Kf8 31. Nc6 Nf6 32. Nxe5 Nd5 33. Nc6 Ke8 34. e4 Nc7 35. Nc3 Kd7 36. Nd4 Nd6 37. Kf1 Nc4 38. f4 Ne6 39. Nxe6 fxe6 40. Ke2 Kc6 41. Kd3 a5 42. bxa5 Nxa5 43. Ne2 b4 44. Nd4+ Kd6 45. f5 e5 46. Nb3 Nc6 47. Kc4 Ke7 48. Kd5 Nd8 49. Kxe5 Nf7+ 50. Kd5 Ng5 51. Nd4 Kf7 52. h4 Nh3 53. e5 Nf2 54. e6+ Kf6 55. Kd6 Ne4+ 56. Kd7 Ke5 57. Nc6+ Kxf5 58. e7 Nf6+ 59. Kd8 Kg4 60. Nxb4 Kxg3 61. Nd5 1-0

[Event "Muensterland Verbandsklasse-B 1112"]
[Site "Germany"]
[Date "2011.09.17"]
[Round "1.1"]
[White "Engels, Natia"]
[Black "Mueller, Achim1111"]
[Result "1-0"]
[WhiteElo "2068"]
[BlackElo "1990"]
[PlyCount "75"]
[EventDate "2011.09.17"]
[EventType "team-tourn"]
[EventRounds "9"]
[EventCountry "GER"]
[SourceTitle "EXT 2013"]
[Source "ChessBase"]
[SourceDate "2012.11.22"]
[SourceVersion "1"]
[SourceVersionDate "2012.11.22"]
[SourceQuality "1"]
[WhiteTeam "Steinfurt"]
[BlackTeam "Rheine Klein Berlin II"]
[WhiteTeamCountry "GER"]
[BlackTeamCountry "GER"]

1. c4 c5 2. Nc3 b6 3. e3 Bb7 4. d4 cxd4 5. exd4 g6 6. Nf3 Bg7 7. Be3 Nf6 8. d5 d6 9. Be2 Nbd7 10. 0-0 0-0 11. Nd4 Rc8 12. Rc1 Ne5 13. b3 a6 14. f4 Ned7 15. Bf3 Re8 16. g4 Nf8 17. f5 N6d7 18. Qd2 Ne5 19. Be2 e6 20. fxe6 fxe6 21. Bg5 Nxc4 22. bxc4 Bxd4+ 23. Kh1 Bxc3 24. Rxc3 Qc7 25. Bf6 exd5 26. cxd5 Qf7 27. Rd3 Rxe2 28. Qxe2 Bxd5+ 29. Kg1 Bc4 30. Ba1 Bxd3 31. Rxf7 Rc1+ 32. Kg2 Bxe2 33. Rg7+ Kh8 34. Bf6 Rf1 35. g5 Rxf6 36. gxf6 Ne6 37. Re7 Nd4 38. Re8# 1-0

[Event "GER-chT Federal Cup (Women)"]
[Site "Germany"]
[Date "2011.06.19"]
[Round "5.2"]
[White "Samorukova, Jana"]
[Black "Engels, Natia"]
[Result "1/2-1/2"]
[WhiteElo "1830"]
[BlackElo "2191"]
[PlyCount "34"]
[EventDate "2011.06.16"]
[EventType "team-swiss"]
[EventRounds "5"]
[EventCountry "GER"]
[SourceTitle "EXT 2012"]
[Source "ChessBase"]
[SourceDate "2011.11.24"]
[SourceVersion "1"]
[SourceVersionDate "2011.11.24"]
[SourceQuality "1"]
[WhiteTeam "Nordrhein Westfalen II"]
[BlackTeam "Nordrhein Westfalen"]
[WhiteTeamCountry "GER"]
[BlackTeamCountry "GER"]

1. d4 c5 2. d5 g6 3. e4 d6 4. Nc3 Bg7 5. Bc4 Nf6 6. h3 Nbd7 7. Nf3 0-0 8. 0-0 a6 9. a4 Rb8 10. Re1 Ne8 11. Bf4 Nc7 12. Qd3 b5 13. axb5 axb5 14. Nxb5 Nxb5 15. Bxb5 Bxb2 16. Ra2 Bg7 17. c4 Bb7 1/2-1/2

[Event "GER-chT Federal Cup (Women)"]
[Site "Germany"]
[Date "2011.06.17"]
[Round "2.2"]
[White "Engels, Natia"]
[Black "Vidonyak, Nellya"]
[Result "1/2-1/2"]
[WhiteElo "2191"]
[BlackElo "2166"]
[PlyCount "86"]
[EventDate "2011.06.16"]
[EventType "team-swiss"]
[EventRounds "5"]
[EventCountry "GER"]
[SourceTitle "EXT 2012"]
[Source "ChessBase"]
[SourceDate "2011.11.24"]
[SourceVersion "1"]
[SourceVersionDate "2011.11.24"]
[SourceQuality "1"]
[WhiteTeam "Nordrhein Westfalen"]
[BlackTeam "Baden"]
[WhiteTeamCountry "GER"]
[BlackTeamCountry "GER"]

1. c4 e6 2. d4 d5 3. Nc3 Nf6 4. Bg5 Be7 5. e3 0-0 6. Nf3 h6 7. Bh4 b6 8. cxd5 exd5 9. Ne5 Bb7 10. Bd3 Nbd7 11. f4 Ne4 12. Bxe7 Qxe7 13. 0-0 Nxc3 14. bxc3 Rfd8 15. Qf3 Nf6 16. Rfd1 c5 17. Rac1 Ne4 18. c4 Nf6 19. cxd5 Bxd5 20. e4 Bb7 21. d5 Rac8 22. Bc4 Kf8 23. g4 Ne8 24. Bb5 Nd6 25. Bc6 Ba6 26. Re1 Kg8 27. Qa3 Bb5 28. Qb2 Ba6 29. Qa3 Bb5 30. Qe3 Ba6 31. Nf3 Nc4 32. Qc3 Qf6 33. Qxf6 gxf6 34. e5 fxe5 35. fxe5 Na5 36. e6 Nxc6 37. dxc6 fxe6 38. Rxe6 Rf8 39. Ne5 Rfe8 40. Rxe8+ Rxe8 41. Re1 Bb5 42. Kf2 Rf8+ 43. Kg3 Rc8 1/2-1/2

[Event "BL2 Nord 1011 (Women)"]
[Site "Germany"]
[Date "2010.12.04"]
[Round "3.1"]
[White "Bluebaum, Johanna"]
[Black "Engels, Natia"]
[Result "1-0"]
[WhiteElo "2019"]
[BlackElo "2189"]
[PlyCount "103"]
[EventDate "2010.11.06"]
[EventType "team-tourn"]
[EventRounds "7"]
[EventCountry "GER"]
[SourceTitle "EXT 2012"]
[Source "ChessBase"]
[SourceDate "2011.11.24"]
[SourceVersion "1"]
[SourceVersionDate "2011.11.24"]
[SourceQuality "1"]
[WhiteTeam "Braunschweig (W)"]
[BlackTeam "Steinfurt (W)"]
[WhiteTeamCountry "GER"]
[BlackTeamCountry "GER"]

1. d4 Nf6 2. c4 g6 3. Nc3 Bg7 4. e4 d6 5. Nf3 0-0 6. Be2 e5 7. Be3 Nc6 8. d5 Ne7 9. Nd2 Ne8 10. c5 f5 11. f3 f4 12. Bf2 g5 13. cxd6 cxd6 14. Nc4 Bd7 15. Qb3 b6 16. Nb5 Nc8 17. a4 a6 18. Nc3 Rb8 19. Na3 Nc7 20. Nc2 b5 21. a5 h5 22. Nb4 Qe8 23. Rc1 g4 24. Nca2 Rb7 25. Nc6 g3 26. hxg3 fxg3 27. Be3 Qg6 28. Bb6 Na8 29. Be3 Bh6 30. Nab4 Nc7 31. Qd3 Bxe3 32. Qxe3 Kg7 33. Kd2 Rh8 34. Nb8 Be8 35. N8xa6 Nxa6 36. Nxa6 Bd7 37. Rc7 Rxc7 38. Nxc7 h4 39. a6 Qh6 40. Qxh6+ Rxh6 41. Bxb5 h3 42. Bxd7 hxg2 43. Rg1 Rh1 44. Rxg2 Rh2 45. Bh3 Rxh3 46. Ke3 Kf6 47. b4 Ke7 48. Nb5 Nb6 49. a7 Kd7 50. f4 exf4+ 51. Kxf4 Rh4+ 52. Kf3 1-0

[Event "BL2 West 0910 (Women)"]
[Site "Germany"]
[Date "2010.03.13"]
[Round "6.1"]
[White "Ivannikova, Svetlana"]
[Black "Engels, Natia"]
[Result "1/2-1/2"]
[WhiteElo "2159"]
[BlackElo "2184"]
[PlyCount "81"]
[EventDate "2009.11.07"]
[EventType "team-tourn"]
[EventRounds "7"]
[EventCountry "GER"]
[SourceTitle "CBM 133 Extra"]
[Source "ChessBase"]
[SourceDate "2010.01.05"]
[SourceVersion "1"]
[SourceVersionDate "2010.01.05"]
[SourceQuality "1"]
[WhiteTeam "Dortmund 1875 (W)"]
[BlackTeam "Steinfurt (W)"]
[WhiteTeamCountry "GER"]
[BlackTeamCountry "GER"]

1. d4 Nf6 2. Bf4 d6 3. e3 g6 4. Nf3 Bg7 5. c4 Nbd7 6. Nc3 0-0 7. Be2 c5 8. 0-0 h6 9. d5 Nh5 10. Qc2 Nxf4 11. exf4 Nf6 12. Bd3 Nh5 13. f5 Nf4 14. fxg6 fxg6 15. Bxg6 Qd7 16. Bh7+ Kh8 17. Nh4 Qg4 18. Ng6+ Kxh7 19. Nxf8+ Kg8 20. f3 Bd4+ 21. Kh1 Qg7 22. Ne6 Nxe6 23. dxe6 Bxe6 24. Nd5 Rf8 25. Rae1 Bxd5 26. cxd5 Bxb2 27. Re4 Be5 28. Rh4 b5 29. Qe2 Kh8 30. Qxb5 Qg5 31. Qc4 Rb8 32. Rg4 Qh5 33. h3 Qf7 34. Qd3 Rb2 35. Rb1 Qxd5 36. Qg6 Rxb1+ 37. Qxb1 Qf7 38. f4 Bg7 39. Qb8+ Kh7 40. Qb1+ Kh8 41. Qb8+ 1/2-1/2

[Event "Muensterland Verbandsklasse-B 0809"]
[Site "Germany"]
[Date "2008.11.29"]
[Round "4.1"]
[White "Wetterau, Georg"]
[Black "Engels, Natia"]
[Result "1-0"]
[WhiteElo "1929"]
[BlackElo "2122"]
[PlyCount "69"]
[EventDate "2008.09.13"]
[EventType "team-tourn"]
[EventRounds "9"]
[EventCountry "GER"]
[SourceTitle "EXT 2010"]
[Source "ChessBase"]
[SourceDate "2010.11.25"]
[SourceVersion "1"]
[SourceVersionDate "2010.11.25"]
[SourceQuality "1"]
[WhiteTeam "Nordwalde"]
[BlackTeam "Steinfurt"]
[WhiteTeamCountry "GER"]
[BlackTeamCountry "GER"]

1. Nc3 d5 2. e4 d4 3. Nce2 e5 4. Nf3 Nc6 5. d3 Nf6 6. Ng3 g6 7. Be2 Bg7 8. 0-0 0-0 9. Ne1 Nd7 10. f4 exf4 11. Bxf4 Nde5 12. Qd2 Ng4 13. c3 dxc3 14. bxc3 b5 15. a3 Nd4 16. Bd1 Rb8 17. h3 Ne5 18. Bh6 Ne6 19. Bxg7 Nxg7 20. d4 Qh4 21. Qf2 Nc4 22. Nf3 Qf4 23. Re1 c6 24. Bb3 Be6 25. Bc2 a5 26. e5 h5 27. Ne4 Qh6 28. Nf6+ Kh8 29. h4 b4 30. axb4 axb4 31. cxb4 Rxb4 32. Ng5 Rb2 33. Reb1 Rxb1+ 34. Bxb1 Rb8 35. Qf4 1-0

[Event "NRW Class2 0607"]
[Site "Germany"]
[Date "2007.03.18"]
[Round "7.2"]
[White "Engels, Natia"]
[Black "Van Oosterom, Chiel"]
[Result "1-0"]
[WhiteElo "2159"]
[BlackElo "2343"]
[PlyCount "57"]
[EventDate "2006.09.17"]
[EventType "team-tourn"]
[EventRounds "9"]
[EventCountry "GER"]
[SourceTitle "EXT 2008"]
[Source "ChessBase"]
[SourceDate "2007.11.25"]
[SourceVersion "1"]
[SourceVersionDate "2007.11.25"]
[SourceQuality "1"]
[WhiteTeam "Muenster II"]
[BlackTeam "Castrop Rauxel"]
[WhiteTeamCountry "GER"]
[BlackTeamCountry "GER"]

1. Nf3 c5 2. c4 Nc6 3. Nc3 e5 4. d3 g6 5. g3 Bg7 6. Bg2 Nge7 7. 0-0 0-0 8. Bd2 h6 9. Qc1 Kh7 10. Nd5 d6 11. e3 Nxd5 12. cxd5 Ne7 13. Ne1 b6 14. e4 Ba6 15. f4 Rc8 16. f5 gxf5 17. exf5 Ng8 18. g4 Bf6 19. Be4 Kg7 20. Nf3 c4 21. Qe1 cxd3 22. h4 Qd7 23. g5 Bd8 24. Rf2 Rc2 25. Rg2 h5 26. f6+ Kh8 27. Qd1 Qa4 28. b4 Bxf6 29. Ne1 1-0